Buraku no rekishi to kaihō riron /

Saved in:
Bibliographic Details
Main Author: Inoue, Kiyoshi, 1913-
Format: Book
Language:Japanese
Published: Tōkyō : Tahata Shoten, 1969.
Subjects:
Tags: Add Tag
No Tags, Be the first to tag this record!
LEADER 00913nam a2200265 a 4500
001 007740023-2
005 20024617120653.0
008 910910s1969 ja 000 0 jpn d
010 |a 73816326 
035 0 |a ocm24353440 
040 |a TxU  |c TxU  |d *YNH*  |d CStRLIN 
050 |a HT725.J3  |b I58 1969 
100 1 |6 880-01  |a Inoue, Kiyoshi,  |d 1913- 
245 1 0 |6 880-02  |a Buraku no rekishi to kaihō riron /  |c Inoue Kiyoshi cho. 
260 |6 880-03  |a Tōkyō :  |b Tahata Shoten,  |c 1969. 
300 |a 428 p. ;  |c 19 cm. 
500 |a 1959 and 1960 ed. published under title: Buraku mondai no kenkyū. 
650 0 |a Buraku people  |x History. 
740 0 |6 880-04  |a Buraku mondai no kenkyū. 
880 1 |6 100-01  |a 井上清,  |d 1913- 
880 1 0 |6 245-02  |a 部落の歴史と解放理論 /  |c 井上清著. 
880 |6 260-03  |a 東京 :  |b 田畑書店,  |c 1969. 
880 0 |6 740-04  |a 部落問題の研究. 
988 |a 20021214 
906 |0 OCLC